Tate McRae - Paroles ANYTHING BUT LOVE - Statistiques

Statistiques générales
  • Ce quiz a été pris 57 fois
  • Le résultat moyen est 332 sur 437
Statistiques - réponses
Hint Réponse % Correct
a
100%
oh
100%
Oh,
100%
(Uh
100%
uh)
100%
uh
100%
(Uh,
100%
do
97%
I
97%
Couplet 1 | Couplet 2 My
97%
my
97%
(My
97%
The
97%
the
97%
to
97%
you,
97%
you
97%
You
97%
you)
97%
and
94%
And
94%
dad
94%
hate
94%
on
94%
too
94%
too)
94%
But
91%
but
91%
hates
91%
dog
89%
me,
89%
friends
86%
brother
83%
in
83%
that
83%
That
83%
anything
80%
(anything
80%
for
80%
(for
80%
love
80%
like,
77%
like
77%
your
77%
got
74%
it,
74%
it
74%
make
74%
na
74%
na,
74%
Na
74%
no
74%
say
74%
they
74%
happy
71%
moved
71%
of
71%
Ryan
71%
see
71%
this
71%
Yeah,
71%
yeah)
71%
at
69%
fans
69%
Intro Listen
69%
(So
69%
Outro So
69%
so
69%
Tatiana?
69%
baby)
66%
baby,
66%
baby
66%
be
66%
California,
66%
I'm
66%
want?
66%
want
66%
you're
66%
You're
66%
'Cause
63%
'cause
63%
name
63%
real,
63%
room
63%
saw
63%
step
63%
Tryna
63%
tryna
63%
all
60%
competition
60%
drama
60%
Is
60%
keep
60%
know
60%
lets
60%
let's
60%
off
60%
one
60%
take
60%
(take
60%
walk,
60%
what
60%
good,
57%
hair
57%
Jimmy
57%
neck,
57%
not
57%
then
57%
we
57%
why
57%
as
54%
billboards,
54%
if
54%
long)
54%
long
54%
only
54%
salon
54%
Choo's
51%
it's
51%
does
49%
don't
49%
echelon
49%
mean
49%
skyscrapers,
49%
upper
49%
blunt,
46%
really
46%
asked
43%
ass
43%
jacking
43%
lucky
43%
shit
43%
cut,
40%
fuck,
40%
monster
40%
punk
40%
views
40%
home,
37%
trucks
37%
mad
34%
Sit
34%
paying
29%
out,
23%
well
23%
cashed
20%
(Hey)
14%
Aucun quiz correspondant
Distribution des résultats
% des personnes avec chaque résultat
Percentile par nombre de réponses
Votre historique - résultats
Vous n’avez pas pris ce quiz